00323nam a2200133Ia 4500008004100000041000800041082001700049100001700066245004000083260002900123300001100152365000700163650001900170210719s1935 xx 000 0 und d aeng a821.912 MADQ aMADELEVA (M) aQuestion of lovers and other poems. aU S AbM. Madelevac1935 a57bHB cRs aEnglish Poetry